000
00297nam a2200121Ia 4500
005
20251222152041.0
008
251222s9999||||xx |||||||||||||| ||spa||
082
_a
344.046/M61
245
0
_a
PolĂtica Nacional del Ambiente
250
_a
1ra.ed.
264
_b
Ministerio del Ambiente
942
_c
LIB
999
_c
26033
_d
26033